000
00252nam a2200109Ia 4500
008
220204s9999 xx 000 0 und d
082
_a
82-7
_b
FEL
245
0
_a
Portable Mad
260
_a
New York
_b
Nal
_c
1970
700
_a
Feldstein, Albert
942
_c
BK
999
_c
35747
_d
35747